Qué es un orientador familiar?

Guardat en:
Dades bibliogràfiques
Autor principal: Otero, Oliveros F. (autor)
Format: Llibre
Idioma:espanyol
Publicat: Pamplona Ediciones Universidad de Navarra 1976
Edició:1a. ed
Col·lecció:Orientación Familiar
Matèries:
Etiquetes: Afegir etiqueta
Sense etiquetes, Sigues el primer a etiquetar aquest registre!

MARC

LEADER 00000cam a2200000 a 4500
001 UCC1730
003 CL-VaPUC
008 171117e19760000sp |||||||||||||||||spa|d
020 |a 8431300590 
082 0 4 |a 306.87  |b OTE  |2 21 
100 |a Otero, Oliveros F.  |e autor  |9 595801 
245 1 0 |a Qué es un orientador familiar? 
250 |a 1a. ed 
300 |a 201 p 
942 |c BK 
945 |d 20171117 16:06:00  |a arojas 
260 |a Pamplona  |b Ediciones Universidad de Navarra  |c 1976 
650 7 |a ORIENTACION FAMILIAR  |2 CL-VaPUC  |9 313035 
650 7 |a ROL DE LOS PADRES  |2 CL-VaPUC  |9 338980 
650 0 |a Educación para la vida familiar  |9 307821 
650 0 |a Talleres educacionales   |9 339158 
583 |a last modification  |c 20171117 16:06:00  |k Rodrigo Vera 
490 0 |a Orientación Familiar 
999 |c 370122  |d 370120 
952 |0 0  |1 0  |3 erb  |4 0  |6 306_870000000000000_OTE_1976  |7 0  |8 A  |9 486427  |a BIBEDU  |b BIBEDU  |i 5437334  |o 306.87 OTE 1976  |p 5437334  |r 2019-11-24  |w 2019-11-24  |y BK  |z Catalogado en:20171117  |k EPE